[Event "HUN-chT2 Breyer 0506"]
[Site "Hungary"]
[Date "2006.02.26"]
[Round "8"]
[White "Nagy, Bela"]
[Black "Kovacs, Pal"]
[Result "0-1"]
[WhiteElo "2041"]
[BlackElo "1969"]
[PlyCount "66"]
[EventDate "2005.10.16"]
[EventType "team"]
[EventRounds "11"]
[EventCountry "HUN"]
[SourceTitle "EXT 2009"]
[Source "ChessBase"]
[SourceDate "2008.11.26"]
[SourceVersion "1"]
[SourceVersionDate "2008.11.26"]
[SourceQuality "1"]
[WhiteTeam "MAFC"]
[BlackTeam "Vizugy II"]
[WhiteTeamCountry "HUN"]
[BlackTeamCountry "HUN"]

1. e4 c5 2. f4 Nc6 3. Nf3 d6 4. d3 g6 5. c3 Bg7 6. Be2 e6 7. 0-0 Nge7 8. Be3 0-0 9. h3 Re8 10. g4 f5 11. Nbd2 b6 12. Qc2 d5 13. Rad1 Bb7 14. Bf2 Rc8 15. Bh4 Qd7 16. e5 d4 17. c4 fxg4 18. hxg4 Rf8 19. Ng5 h6 20. Nge4 g5 21. fxg5 hxg5 22. Bxg5 Nxe5 23. Bf6 Nf5 24. Bg5 Ne3 25. Rxf8+ Rxf8 26. Bxe3 dxe3 27. Nf1 Qd4 28. Nfg3 Ng6 29. Rf1 Rxf1+ 30. Nxf1 Nf4 31. Nfg3 Qd8 32. g5 Qd4 33. Kh2 Be5 0-1

[Event "HUN-chT2 Charousek 0304"]
[Site "Hungary"]
[Date "2003.10.05"]
[Round "2"]
[White "Szekely, Ferenc"]
[Black "Kovacs, Pal"]
[Result "1/2-1/2"]
[WhiteElo "2183"]
[BlackElo "2179"]
[PlyCount "119"]
[EventDate "2003.09.28"]
[EventType "team"]
[EventRounds "11"]
[EventCountry "HUN"]
[SourceTitle "EXT 2005"]
[Source "ChessBase"]
[SourceDate "2004.11.15"]
[SourceVersion "1"]
[SourceVersionDate "2004.11.15"]
[SourceQuality "1"]

1. e4 e5 2. Nf3 Nc6 3. Bc4 Nf6 4. d3 Bc5 5. c3 d6 6. 0-0 0-0 7. Re1 Bg4 8. Nbd2 Qd7 9. Bb3 a6 10. Nf1 h6 11. Ng3 Ne7 12. h3 Bxh3 13. gxh3 Qxh3 14. d4 exd4 15. cxd4 Bb6 16. Bc4 Nc6 17. Be3 Rae8 18. Bd3 Qg4 19. d5 Bxe3 20. Rxe3 Nxd5 21. Re1 Nf4 22. Bf1 h5 23. Kh2 g6 24. e5 Nxe5 25. Nxe5 Qh4+ 26. Kg1 dxe5 27. Qc2 Re7 28. Rad1 f5 29. Qb3+ Kh7 30. Qxb7 Qg5 31. Kh1 e4 32. Re3 Qh4+ 33. Kg1 Qg4 34. Rc1 Ne6 35. Bc4 Ng5 36. Qb4 Rfe8 37. Be2 Qh4 38. Rec3 Nh3+ 39. Kf1 f4 40. Nh1 Nxf2 41. Nxf2 e3 42. Rxe3 Rxe3 43. Rxc7+ Kh6 44. Qd4 R3e7 45. Rxe7 Qxe7 46. Qxf4+ Kh7 47. Bxa6 Rf8 48. Qd4 Rd8 49. Qf4 Rf8 50. Qd4 Qg5 51. Bd3 h4 52. b4 Qg3 53. Ke2 Rf4 54. Ne4 Qg2+ 55. Kd1 h3 56. Nf6+ Rxf6 57. Qxf6 h2 58. Qe7+ Kh6 59. Qh4+ Kg7 60. Qe7+ 1/2-1/2

[Event "HUN-chT2 Breyer 0203"]
[Site "Hungary"]
[Date "2002.09.22"]
[Round "1"]
[White "Kovacs, Pal"]
[Black "Meleghegyi, Csaba"]
[Result "0-1"]
[WhiteElo "2036"]
[BlackElo "2238"]
[PlyCount "102"]
[EventDate "2002.09.22"]
[EventType "team"]
[EventRounds "11"]
[EventCountry "HUN"]
[SourceTitle "EXT 2009"]
[Source "ChessBase"]
[SourceDate "2008.11.26"]
[SourceVersion "1"]
[SourceVersionDate "2008.11.26"]
[SourceQuality "1"]

1. d4 d5 2. Nf3 Nf6 3. Bg5 Ne4 4. Bf4 c5 5. c3 Nc6 6. e3 Qb6 7. Qb3 c4 8. Qxb6 axb6 9. Nbd2 Nxd2 10. Nxd2 b5 11. Be2 b4 12. e4 e6 13. Bf3 Ra5 14. Bc7 Rb5 15. 0-0 Kd7 16. Bg3 Bd6 17. exd5 exd5 18. Rfe1 Bxg3 19. fxg3 Kd6 20. Nf1 Be6 21. Ne3 Ra5 22. Nc2 Rha8 23. a3 bxa3 24. bxa3 Bf5 25. Ne3 Bd3 26. Ra2 Ne7 27. Rea1 R8a6 28. g4 Rb6 29. Bd1 f6 30. Kf2 Ke6 31. Kg3 Nc8 32. Bf3 Nd6 33. Re1 Ne4+ 34. Bxe4 dxe4 35. Rea1 Rb3 36. Nd1 h5 37. gxh5 Rxh5 38. Rb2 Rg5+ 39. Kf2 Rf5+ 40. Ke3 Rf1 41. Rd2 f5 42. Rf2 Rxf2 43. Kxf2 f4 44. Ra2 Rb1 45. Rd2 Rc1 46. g3 e3+ 47. Nxe3 fxe3+ 48. Kxe3 Rxc3 49. Rb2 Bf5+ 50. Kd2 Rd3+ 51. Kc1 Rxd4 0-1